| 000 | 00000cam 2200000zi 4500 |
| 001 | 9.955851 |
| 003 | CaOODSP |
| 005 | 20260313104057 |
| 006 | m o d f |
| 007 | cr cn||||||||| |
| 008 | 250926t20252026quca o f000 0 eng d |
| 020 | |a9780660791470 |
| 040 | |aCaOODSP|beng|erda|cCaOODSP |
| 043 | |an-cn-bc |
| 086 | 1 |aEn14-563/6-2025E-PDF |
| 245 | 00|aEcological Gifts Program donor profile : |ba conservation legacy through restoration in southeastern British Columbia. |
| 264 | 1|a[Gatineau, Quebec] : |bEnvironment and Climate Change Canada = Environnement et changement climatique Canada, |c[2025] |
| 264 | 4|c©2026 |
| 300 | |a1 online resource (2 unnumbered pages) : |bcolour illustration |
| 336 | |atext|btxt|2rdacontent |
| 337 | |acomputer|bc|2rdamedia |
| 338 | |aonline resource|bcr|2rdacarrier |
| 500 | |aIssued also in French under title: Programme des dons écologiques - portrait de donateurs : création d'un patrimoine de conservation grâce à une remise en état de l'habitat dans le sud-est de la Colombie-Britannique. |
| 500 | |aThe publication file in PDF format was replaced on 05 March 2026 with a revised version at the request of Environment and Climate Change Canada. |
| 500 | |aCopyright date should read: 2025. |
| 610 | 20|aEcological Gifts Program (Canada) |
| 650 | 0|aNature conservation|zBritish Columbia. |
| 650 | 0|aIncome tax deductions for charitable contributions|zBritish Columbia. |
| 650 | 0|aLand titles|xRegistration and transfer|zBritish Columbia. |
| 710 | 1 |aCanada. |bEnvironment and Climate Change Canada, |eissuing body. |
| 775 | 08|tProgramme des dons écologiques - portrait de donateurs : |w(CaOODSP)9.955852 |
| 794 | |tEcological Gifts Program donor profile : |w(CaOODSP)9.960059 |
| 856 | 40|qPDF|s2.06 MB|uhttps://publications.gc.ca/collections/collection_2025/eccc/En14-563-6-2025-eng.pdf |